[Event "?"]
[Site "?"]
[Date "????.??.??"]
[Round "?"]
[White "Titz, H."]
[Black "Sobeck, G."]
[Result "1/2-1/2"]
[WhiteElo "2204"]
[BlackElo "2096"]
[PlyCount "121"]
[EventDate "2013.??.??"]
[WhiteTeam "Wien"]
[BlackTeam "USG Chemnitz"]

1. c4 b6 2. d4 Bb7 3. Nc3 Nf6 4. Bg5 Ne4 5. Nxe4 Bxe4 6. f3 Bg6 7. e4 f6 8. Be3
e5 9. Ne2 Nc6 10. a3 exd4 11. Nxd4 Nxd4 12. Bxd4 Bd6 13. Bd3 Qe7 14. Qe2 O-O
15. O-O-O Be5 16. Qf2 d6 17. g3 Bxd4 18. Qxd4 Qe5 19. Bc2 Qxd4 20. Rxd4 f5 21.
exf5 Bxf5 22. Ba4 Rad8 23. Bc6 Rf6 24. Re1 Kf8 25. f4 Bd7 26. Bxd7 Rxd7 27.
Rde4 d5 28. cxd5 Rfd6 29. Re6 Rxd5 30. Rc6 R5d6 31. Rc2 Kf7 32. Rce2 Rc6+ 33.
Kb1 Rcd6 34. Kc2 Rc6+ 35. Kb3 Rcd6 36. Rc1 c5 37. Rc3 Rd2 38. Rce3 Rxe2 39.
Rxe2 Kf6 40. Kc3 h6 41. Kc4 a6 42. Kc3 Rd6 43. Re8 b5 44. Rf8+ Ke6 45. Rg8 Kf6
46. Rf8+ Ke6 47. Re8+ Kf6 48. Re2 Re6 49. Rd2 Re3+ 50. Kc2 Ke6 51. Kd1 c4 52.
Rd8 Rb3 53. Kc2 a5 54. Rg8 Kf6 55. Rc8 a4 56. Rc5 Ke6 57. Re5+ Kf6 58. Rc5 Ke6
59. Rc7 Kf6 60. Rc5 Ke6 61. Re5+ 1/2-1/2

[Event "?"]
[Site "?"]
[Date "????.??.??"]
[Round "?"]
[White "Wuensch, U."]
[Black "Singer, H."]
[Result "1/2-1/2"]
[WhiteElo "2092"]
[BlackElo "2168"]
[PlyCount "103"]
[EventDate "2013.??.??"]
[WhiteTeam "USG Chemnitz"]
[BlackTeam "Wien"]

1. d4 d5 2. Nf3 Nf6 3. e3 e6 4. Bd3 c5 5. c3 Nc6 6. Nbd2 Be7 7. O-O Qd6 8. dxc5
Qxc5 9. e4 dxe4 10. Nxe4 Nxe4 11. Bxe4 Qb6 12. Qe2 O-O 13. Be3 Qc7 14. Rad1 e5
15. h3 Be6 16. Bd5 Bxd5 17. Rxd5 Rad8 18. Rfd1 Nd4 19. R5xd4 exd4 20. Nxd4 a6
21. Re1 Bf6 22. Qg4 Qd7 23. Nf5 Rfe8 24. Rf1 Qe6 25. a3 Rd5 26. Nh6+ Kf8 27.
Qxe6 Rxe6 28. Ng4 Be7 29. Re1 f5 30. Nh2 f4 31. Bd2 Rxe1+ 32. Bxe1 Rd1 33. Kf1
a5 34. Ke2 Rb1 35. b4 a4 36. Bd2 Ra1 37. Nf3 Rxa3 38. Nd4 Bf6 39. Nc2 Rb3 40.
Kd3 b5 41. Na1 Rb2 42. Nc2 Rb3 43. Na1 Ra3 44. Nc2 Ra2 45. Bxf4 Ke7 46. Bc1 Kd6
47. f4 g6 48. g4 Kc6 49. g5 Bg7 50. Be3 Kd5 51. Bc1 Kc6 52. Ba3 1/2-1/2

[Event "?"]
[Site "?"]
[Date "????.??.??"]
[Round "?"]
[White "Strobel, F."]
[Black "Staudte, R."]
[Result "1-0"]
[WhiteElo "2099"]
[BlackElo "1919"]
[PlyCount "103"]
[EventDate "2013.??.??"]
[WhiteTeam "Wien"]
[BlackTeam "USG Chemnitz"]

1. f4 d5 2. Nf3 Nf6 3. e3 g6 4. Be2 Bg7 5. O-O O-O 6. c4 e6 7. d4 b6 8. Nc3 Bb7
9. Ne5 dxc4 10. Bxc4 Ba6 11. Bxa6 Nxa6 12. Qa4 Qc8 13. Nc6 Qb7 14. Bd2 Rfe8 15.
Rac1 Rac8 16. b4 Ra8 17. Rc2 Nb8 18. Ne5 c6 19. Rfc1 b5 20. Qb3 Nfd7 21. Nxd7
Qxd7 22. Ne4 Qd5 23. Qd3 Rc8 24. Be1 Qd8 25. Nc5 Bf8 26. Nb7 Qe8 27. Na5 a6 28.
a3 Ra7 29. Bh4 Kg7 30. Qe4 Rac7 31. g4 f6 32. Bg3 f5 33. Qf3 Qd7 34. h4 Qd5 35.
Kg2 h5 36. gxh5 gxh5 37. Kf2 Qxf3+ 38. Kxf3 Kf7 39. e4 Kf6 40. Bf2 Be7 41. exf5
Kxf5 42. Re2 Bd6 43. Nb3 Nd7 44. Rce1 Re8 45. d5 e5 46. Nd4+ Kf6 47. Nxc6 Rcc8
48. Bd4 Rf8 49. fxe5+ Kg6+ 50. Ke4 Rce8 51. Kd3 Rf3+ 52. Re3 1-0

[Event "?"]
[Site "?"]
[Date "????.??.??"]
[Round "?"]
[White "Pfeiffer, A."]
[Black "Titz, H."]
[Result "0-1"]
[WhiteElo "2077"]
[BlackElo "2003"]
[PlyCount "94"]
[EventDate "2013.??.??"]
[WhiteTeam "USG Chemnitz"]
[BlackTeam "Wien"]

1. e4 e5 2. Nf3 Nc6 3. Bb5 a6 4. Bxc6 dxc6 5. O-O Qd6 6. d4 exd4 7. Qxd4 Qxd4
8. Nxd4 Bd7 9. Be3 O-O-O 10. Nc3 Bd6 11. Nce2 Nf6 12. Bg5 Be7 13. Ng3 h6 14.
Bxf6 Bxf6 15. c3 g6 16. Nf3 Rhe8 17. Rfe1 Bg4 18. h3 Bxf3 19. gxf3 Be5 20. Rad1
Rd6 21. Kf1 Red8 22. Ke2 Bf4 23. Nf1 Kd7 24. Rd3 Rxd3 25. Kxd3 Ke6+ 26. Ke2 b5
27. Rd1 Rd6 28. Ne3 h5 29. Rd3 Bxe3 30. fxe3 c5 31. f4 f6 32. Rd1 a5 33. Rg1
Kf7 34. h4 Re6 35. Kf3 Rd6 36. f5 gxf5 37. exf5 Rd2 38. Rg2 Rxg2 39. Kxg2 Ke7
40. Kf3 Kd6 41. Kf4 Kd5 42. e4+ Kd6 43. b3 c6 44. a4 c4 45. bxc4 bxa4 46. c5+
Ke7 47. e5 a3 0-1

[Event "?"]
[Site "?"]
[Date "????.??.??"]
[Round "?"]
[White "Werchan, H."]
[Black "Schmidt, G."]
[Result "0-1"]
[WhiteElo "2141"]
[BlackElo "2235"]
[PlyCount "73"]
[EventDate "2013.??.??"]
[WhiteTeam "Ottonen Magdeburg"]
[BlackTeam "USV TU Dresden"]

1. Nf3 d5 2. c4 e6 3. g3 Nf6 4. Bg2 Be7 5. O-O O-O 6. Qc2 c5 7. cxd5 exd5 8. d4
Na6 9. a3 Be6 10. dxc5 Nxc5 11. b4 Nce4 12. Bb2 a5 13. bxa5 Qxa5 14. Bd4 b5 15.
Ne5 Rfc8 16. Qd3 Bd6 17. f3 Qc7 18. fxe4 Bxe5 19. exd5 Bxd5 20. Bxd5 Nxd5 21.
Nd2 Bxd4+ 22. Qxd4 Nc3 23. Qf2 Qe7 24. e3 Re8 25. e4 h6 26. e5 Qa7 27. Rfe1
Red8 28. Qxa7 Rxa7 29. Ne4 Nxe4 30. Rxe4 Rd5 31. e6 fxe6 32. Rxe6 b4 33. a4 Rd3
34. Rb6 Rc7 35. Rxb4 Rc2 36. Rh4 Kh7 37. a5 0-1

[Event "?"]
[Site "?"]
[Date "????.??.??"]
[Round "?"]
[White "Petzold, H."]
[Black "Bondick, K."]
[Result "1-0"]
[WhiteElo "2129"]
[BlackElo "2082"]
[PlyCount "47"]
[EventDate "2013.??.??"]
[WhiteTeam "USV TU Dresden"]
[BlackTeam "Ottonen Magdeburg"]

1. e4 e5 2. Nf3 f5 3. Nxe5 Qf6 4. d4 d6 5. Nc4 fxe4 6. Nc3 Qf7 7. Nxe4 Qe6 8.
Bd3 d5 9. Ne5 dxe4 10. Bc4 Qb6 11. Bf7+ Kd8 12. Bb3 Be6 13. d5 Bd6 14. Nc4 Qc5
15. dxe6 Ke7 16. Qg4 Kf8 17. Be3 Qc6 18. Qf5+ Nf6 19. O-O-O Ke7 20. Bg5 a5 21.
Ne3 a4 22. Nd5+ Ke8 23. Nxf6+ gxf6 24. Qxf6 1-0

[Event "?"]
[Site "?"]
[Date "????.??.??"]
[Round "?"]
[White "Andreas, G."]
[Black "Kahn, P."]
[Result "1/2-1/2"]
[WhiteElo "2000"]
[BlackElo "2129"]
[PlyCount "46"]
[EventDate "2013.??.??"]
[WhiteTeam "Ottonen Magdeburg"]
[BlackTeam "USV TU Dresden"]

1. e4 e5 2. Nf3 Nc6 3. Bc4 Bc5 4. c3 Nf6 5. O-O O-O 6. d4 Bb6 7. dxe5 Nxe4 8.
Bd5 Nc5 9. b4 Ne6 10. a4 a6 11. Qc2 Ne7 12. Bb3 Ng6 13. Nbd2 d5 14. exd6 cxd6
15. Ne4 Ne5 16. Neg5 Nxf3+ 17. Nxf3 Bd7 18. Rd1 Qe7 19. Qd3 Bc6 20. Re1 Qf6 21.
Bc2 Qg6 22. Qe2 Qf6 23. Qd3 Qg6 1/2-1/2

[Event "?"]
[Site "?"]
[Date "????.??.??"]
[Round "?"]
[White "Reuben, S."]
[Black "Tichatschke, W."]
[Result "1/2-1/2"]
[WhiteElo "2069"]
[BlackElo "2012"]
[PlyCount "22"]
[EventDate "2013.??.??"]
[WhiteTeam "England 3"]
[BlackTeam "SV Lok Dresden"]

1. c4 e6 2. b3 d5 3. Bb2 Nf6 4. Nf3 Be7 5. e3 O-O 6. Be2 b6 7. O-O Nbd7 8. cxd5
Nxd5 9. Nd4 Bb7 10. Bb5 Bf6 11. Qc1 c5 1/2-1/2

[Event "?"]
[Site "?"]
[Date "????.??.??"]
[Round "?"]
[White "Goldberg, V."]
[Black "Wood, P."]
[Result "1/2-1/2"]
[WhiteElo "2150"]
[BlackElo "1951"]
[PlyCount "132"]
[EventDate "2013.??.??"]
[WhiteTeam "SV Lok Dresden"]
[BlackTeam "England 3"]

1. e4 e6 2. d4 d5 3. Nc3 Nf6 4. e5 Ng8 5. f4 Nh6 6. Be3 Nf5 7. Bf2 h5 8. Be2 g6
9. Nf3 Be7 10. Qd2 b6 11. O-O-O Ba6 12. h3 h4 13. Kb1 Qc8 14. Ng5 Bxe2 15. Nxe2
Qa6 16. c4 Nc6 17. cxd5 Nb4 18. Nc3 Bxg5 19. fxg5 Nxd5 20. Nxd5 exd5 21. Rc1
O-O-O 22. Rc3 Rd7 23. Rhc1 Kb8 24. Qc2 Rc8 25. Rc6 Qb7 26. e6 fxe6 27. Rxe6 Rd6
28. Rce1 a5 29. Rf6 Qa6 30. Rxf5 gxf5 31. Bxh4 Qc4 32. Qxc4 dxc4 33. Bf2 Kb7
34. Re5 Rcd8 35. Rxf5 c5 36. dxc5 Rd1+ 37. Kc2 R1d2+ 38. Kc3 b5 39. Rf7+ Kc6
40. Rf6+ Kc7 41. Bg3+ Kb7 42. Rb6+ Ka7 43. Rd6 Rd3+ 44. Kc2 Rxg3 45. Rxd8 Rxg2+
46. Kc1 Rxg5 47. Rd7+ Kb8 48. c6 b4 49. h4 Rg1+ 50. Rd1 Rg6 51. h5 Rxc6 52. Rh1
Rh6 53. Rh4 Kb7 54. Kd2 Kb6 55. Ke3 Kc5 56. Ke4 a4 57. Rh3 c3 58. bxc3 b3 59.
axb3 axb3 60. Rh2 Kc4 61. Kf4 Kxc3 62. Kg5 Rh8 63. h6 b2 64. Rxb2 Kxb2 65. Kg6
Kc3 66. h7 Rxh7 1/2-1/2

[Event "?"]
[Site "?"]
[Date "????.??.??"]
[Round "?"]
[White "Phillips, W."]
[Black "Goerden, H."]
[Result "1/2-1/2"]
[WhiteElo "1932"]
[BlackElo "1930"]
[PlyCount "28"]
[EventDate "2013.??.??"]
[WhiteTeam "England 3"]
[BlackTeam "SV Lok Dresden"]

1. e4 c5 2. Nf3 a6 3. d4 cxd4 4. Nxd4 Nf6 5. Nc3 e5 6. Nb3 Bb4 7. Bd3 d5 8.
exd5 Qxd5 9. O-O Bxc3 10. bxc3 O-O 11. Bg5 Nbd7 12. c4 Qe6 13. Re1 h6 14. Bd2
Qg4 1/2-1/2

[Event "?"]
[Site "?"]
[Date "????.??.??"]
[Round "?"]
[White "Niebuhr, G."]
[Black "Villing, D."]
[Result "1/2-1/2"]
[WhiteElo "2072"]
[BlackElo "2120"]
[PlyCount "58"]
[EventDate "2013.??.??"]
[WhiteTeam "FB Niedersachsen"]
[BlackTeam "SF Rhein"]

1. d4 Nf6 2. c4 e5 3. dxe5 Ng4 4. e3 Nxe5 5. Nc3 Nbc6 6. Be2 d6 7. f4 Ng6 8.
Nf3 Be7 9. O-O O-O 10. b3 Re8 11. Bb2 Bf6 12. Qd2 b6 13. Rae1 Bb7 14. Bd1 Qd7
15. Nd5 Bxb2 16. Qxb2 Nce7 17. Qd2 Nxd5 18. cxd5 Qf5 19. Nd4 Qf6 20. e4 Re7 21.
Nf5 Ree8 22. Bf3 Bc8 23. g4 Bxf5 24. g5 Qd8 25. exf5 Nxf4 26. Rxe8+ Qxe8 27.
Re1 Qd7 28. Be4 Re8 29. Re3 Qb5 1/2-1/2

[Event "?"]
[Site "?"]
[Date "????.??.??"]
[Round "?"]
[White "Goy, U."]
[Black "Jürgens, P."]
[Result "1/2-1/2"]
[WhiteElo "2220"]
[BlackElo "2023"]
[PlyCount "45"]
[EventDate "2013.??.??"]
[WhiteTeam "SF Rhein"]
[BlackTeam "FB Niedersachsen"]

1. d4 e6 2. Nf3 Nf6 3. c4 b6 4. Nc3 Bb7 5. Qc2 d5 6. e3 Be7 7. cxd5 exd5 8. Be2
O-O 9. O-O a6 10. Bd2 Nbd7 11. a4 Bd6 12. Qf5 Qe8 13. Bd1 Qe6 14. Bc2 Qxf5 15.
Bxf5 Rad8 16. h3 Ne4 17. Rfd1 g6 18. Bxe4 dxe4 19. Ne1 c5 20. Ne2 f5 21. dxc5
Nxc5 22. Nd4 Kf7 23. Kf1 1/2-1/2

[Event "?"]
[Site "?"]
[Date "????.??.??"]
[Round "?"]
[White "Hellwege, W."]
[Black "Krebs, D."]
[Result "0-1"]
[WhiteElo "2033"]
[BlackElo "2080"]
[PlyCount "120"]
[EventDate "2013.??.??"]
[WhiteTeam "FB Niedersachsen"]
[BlackTeam "SF Rhein"]

1. d4 Nf6 2. Nf3 c5 3. dxc5 e6 4. c4 Bxc5 5. Nc3 O-O 6. g3 Nc6 7. Bg2 a6 8. O-O
d6 9. a3 h6 10. b4 Bb6 11. Bb2 Qe7 12. Rc1 Rd8 13. Qc2 Rb8 14. e3 Bd7 15. Ne4
Nxe4 16. Qxe4 f6 17. Rfd1 Be8 18. Nd4 Nxd4 19. exd4 Bf7 20. Qe2 Qe8 21. c5 dxc5
22. dxc5 Rxd1+ 23. Rxd1 Bc7 24. Rd2 e5 25. c6 bxc6 26. Qxa6 e4 27. Qe2 Bd5 28.
Bh3 Be5 29. Rd1 Bxb2 30. Qxb2 Qh5 31. Rxd5 Qxd5 32. Bf1 Kh8 33. Qc3 Re8 34. a4
e3 35. fxe3 Qf3 36. Bg2 Rxe3 37. Qd2 Rd3 38. Bxf3 Rxd2 39. Bxc6 Rd4 40. a5 Rxb4
41. a6 Rb1+ 42. Kf2 Ra1 43. Bb7 Ra3 44. Ke2 Kg8 45. Kd2 Kf8 46. Kc2 Ke7 47. Kb2
Ra5 48. Kb3 Kd6 49. Kb4 Ra1 50. Kc4 Kc7 51. Kd5 Re1 52. Kd4 Kb6 53. h3 g5 54.
h4 Rg1 55. hxg5 fxg5 56. Ke3 Rxg3+ 57. Kf2 Ra3 58. Kg2 Rxa6 59. Bf3 Ra2+ 60.
Kg1 Kc5 0-1

[Event "?"]
[Site "?"]
[Date "????.??.??"]
[Round "?"]
[White "Weller, K."]
[Black "Fritsch, J."]
[Result "1/2-1/2"]
[WhiteElo "1967"]
[BlackElo "1958"]
[PlyCount "120"]
[EventDate "2013.??.??"]
[WhiteTeam "SF Rhein"]
[BlackTeam "FB Niedersachsen"]

1. c4 e5 2. Nc3 Bc5 3. Nf3 d6 4. e3 Bg4 5. d4 exd4 6. exd4 Bb6 7. Be2 Nf6 8.
O-O O-O 9. h3 Bh5 10. Be3 Nbd7 11. b4 a6 12. c5 Ba7 13. a4 d5 14. b5 c6 15. Bf4
Bxf3 16. Bxf3 Bb8 17. Bxb8 Rxb8 18. Qd3 axb5 19. axb5 Ra8 20. bxc6 bxc6 21. Ra6
Rxa6 22. Qxa6 Nb8 23. Qa7 Re8 24. Rb1 g6 25. Rb7 Nfd7 26. Qa1 Re7 27. Rb1 Nf6
28. Qa8 Re8 29. Ne2 Kg7 30. Rb7 Nbd7 31. Qxd8 Rxd8 32. Rc7 Nb8 33. Nf4 Re8 34.
Nd3 Re6 35. Ne5 Nfd7 36. Bg4 f5 37. Be2 Re7 38. f4 Kf6 39. Kf2 Ke6 40. Nxc6
Nxc6 41. Rxc6+ Kf7 42. Rc7 Nf6 43. Rxe7+ Kxe7 44. Bd3 Nh5 45. Kf3 Ng7 46. Bb5
Ne6 47. Ke3 Nc7 48. Ba4 Kf6 49. h4 h5 50. Bc6 Ke7 51. g3 Kd8 52. Kd3 Ke7 53.
Kc3 Kd8 54. Kb4 Ne6 55. Bxd5 Nxd4 56. Bf7 Ne2 57. Bxg6 Nxg3 58. Kc4 Ne2 59.
Bxh5 Nxf4 60. Bf3 Ng6 1/2-1/2

[Event "?"]
[Site "?"]
[Date "????.??.??"]
[Round "?"]
[White "Pape, M."]
[Black "Kirmas, J."]
[Result "1-0"]
[WhiteElo "2216"]
[BlackElo "2050"]
[PlyCount "67"]
[EventDate "2013.??.??"]
[WhiteTeam "Widukind 1"]
[BlackTeam "Saale-Schachbund Halle"]

1. Nf3 Nf6 2. g3 g6 3. Bg2 Bg7 4. d3 O-O 5. O-O d6 6. Nbd2 c5 7. e4 Nbd7 8. Re1
Rb8 9. Nh4 e5 10. Nc4 Qc7 11. Bd2 h6 12. a4 b5 13. axb5 Rxb5 14. Ra2 Qb8 15.
Qa1 a6 16. Ba5 Re8 17. Bf3 Nf8 18. Ng2 Ne6 19. Nge3 Nd4 20. Bd1 Bf8 21. Nd2 Rb7
22. Bc3 Nb5 23. Rxa6 Nxc3 24. bxc3 Be6 25. c4 Nh7 26. Bf3 f5 27. exf5 gxf5 28.
Bxb7 Qxb7 29. Ra7 Qc8 30. Nd5 f4 31. Qa6 fxg3 32. hxg3 Qd8 33. Qb7 Ng5 34. Qc7
1-0

[Event "?"]
[Site "?"]
[Date "????.??.??"]
[Round "?"]
[White "Just, J."]
[Black "Szenetra, W."]
[Result "1/2-1/2"]
[WhiteElo "2055"]
[BlackElo "2186"]
[PlyCount "21"]
[EventDate "2013.??.??"]
[WhiteTeam "Saale-Schachbund Halle"]
[BlackTeam "Widukind 1"]

1. d4 g6 2. Nf3 Bg7 3. c4 d6 4. Nc3 Bg4 5. h3 Bxf3 6. exf3 c5 7. dxc5 Bxc3+ 8.
bxc3 dxc5 9. Qxd8+ Kxd8 10. a4 e5 11. h4 1/2-1/2

[Event "?"]
[Site "?"]
[Date "????.??.??"]
[Round "?"]
[White "Rychlik, K."]
[Black "Franke, R."]
[Result "1/2-1/2"]
[WhiteElo "2098"]
[BlackElo "1991"]
[PlyCount "120"]
[EventDate "2013.??.??"]
[WhiteTeam "Widukind 1"]
[BlackTeam "Saale-Schachbund Halle"]

1. d4 g6 2. e4 Bg7 3. f4 d6 4. Nf3 Nf6 5. Bd3 O-O 6. O-O c5 7. c3 cxd4 8. cxd4
Nc6 9. Nc3 Bg4 10. Be3 e5 11. fxe5 dxe5 12. d5 Nd4 13. Qd2 Nxf3+ 14. gxf3 Bh3
15. Rf2 Nh5 16. Ne2 Bf6 17. Ng3 Nf4 18. Kh1 Nxd3 19. Qxd3 Bg5 20. Rg1 Bxe3 21.
Qxe3 Qh4 22. Rd2 b6 23. Qc3 Rfe8 24. Qe3 Rac8 25. Ne2 Rc5 26. Nc3 Rec8 27. Rdd1
b5 28. a3 a5 29. Rc1 b4 30. Ne2 Rxc1 31. Rxc1 Rxc1+ 32. Nxc1 bxa3 33. bxa3 Bd7
34. Nd3 Qe7 35. Nf2 a4 36. h3 h5 37. Kh2 Kg7 38. Kg3 f5 39. exf5 gxf5 40. f4
h4+ 41. Kh2 e4 42. Nd1 Kh7 43. Qf2 Kh6 44. Qb6+ Kh7 45. d6 Qg7 46. Qf2 Qf6 47.
Ne3 Kg6 48. Nc4 Kh5 49. Qe2+ Kh6 50. Qg2 Be6 51. Ne5 e3 52. d7 Bxd7 53. Nxd7
Qd6 54. Qg5+ Kh7 55. Qxh4+ Kg7 56. Qg5+ Kh8 57. Qd8+ Kg7 58. Qg5+ Kh8 59. Qh5+
Kg7 60. Qg5+ Kh8 1/2-1/2

[Event "?"]
[Site "?"]
[Date "????.??.??"]
[Round "?"]
[White "Reinemann, G."]
[Black "Grabitz, G."]
[Result "1/2-1/2"]
[WhiteElo "1999"]
[BlackElo "2067"]
[PlyCount "41"]
[EventDate "2013.??.??"]
[WhiteTeam "Saale-Schachbund Halle"]
[BlackTeam "Widukind 1"]

1. e4 g6 2. d4 Bg7 3. Nc3 d6 4. Be3 Nd7 5. Qd2 a6 6. f3 b5 7. a4 b4 8. Nd1 c5
9. c3 Rb8 10. Ne2 Qa5 11. Nc1 bxc3 12. bxc3 Ngf6 13. Be2 O-O 14. Ra3 cxd4 15.
cxd4 Qxd2+ 16. Bxd2 e5 17. d5 Nc5 18. Be3 Nfd7 19. O-O f5 20. Nc3 fxe4 21. Nxe4
1/2-1/2

[Event "?"]
[Site "?"]
[Date "????.??.??"]
[Round "?"]
[White "Taksrud, V."]
[Black "Thornton, J."]
[Result "1-0"]
[WhiteElo "2035"]
[BlackElo "2029"]
[PlyCount "103"]
[EventDate "2013.??.??"]
[WhiteTeam "Norwegen 2"]
[BlackTeam "Wales"]

1. d4 Nf6 2. c4 c5 3. Nf3 e6 4. Nc3 d5 5. e3 Nc6 6. Be2 a6 7. Ne5 Bd6 8. Nxc6
bxc6 9. O-O O-O 10. dxc5 Bxc5 11. Qc2 Qe7 12. e4 d4 13. Na4 e5 14. Bg5 Rb8 15.
a3 Ba7 16. Rae1 h6 17. Bh4 Qe6 18. b3 Nd7 19. Nb2 a5 20. Nd3 Nc5 21. Nxc5 Bxc5
22. a4 Qg6 23. Bd3 Qe6 24. Bg3 g5 25. Qd1 Re8 26. Bc2 Re7 27. Qd3 Qg6 28. Rd1
Bg4 29. Rde1 f6 30. h3 Be6 31. Kh1 Rg7 32. Bd1 h5 33. Bh2 Ba3 34. Re2 Bc5 35.
Ra2 Kf7 36. h4 Ke7 37. hxg5 Qxg5 38. f4 exf4 39. Bxf4 Qh4+ 40. Kg1 Rbg8 41. e5
Bf5 42. exf6+ Qxf6 43. Be5 Qxe5 44. Rxf5 Qe1+ 45. Qf1 d3+ 46. Rxc5 Qe3+ 47. Kh1
Qxc5 48. Qxd3 Rg5 49. Re2+ Kf7 50. Qd7+ Kf6 51. Re6+ Kf5 52. Qf7# 1-0

[Event "?"]
[Site "?"]
[Date "????.??.??"]
[Round "?"]
[White "Miles, R."]
[Black "Sollid, S."]
[Result "1/2-1/2"]
[WhiteElo "2088"]
[BlackElo "2019"]
[PlyCount "49"]
[EventDate "2013.??.??"]
[WhiteTeam "Wales"]
[BlackTeam "Norwegen 2"]

1. d4 Nf6 2. c4 e6 3. Nf3 b6 4. a3 Bb7 5. Nc3 Ne4 6. Nxe4 Bxe4 7. e3 Be7 8. Bd3
Bxd3 9. Qxd3 d5 10. Bd2 O-O 11. e4 Nd7 12. cxd5 exd5 13. e5 c5 14. b4 c4 15.
Qf5 Re8 16. O-O Nf8 17. Ng5 Bxg5 18. Bxg5 Qc8 19. Qc2 Qg4 20. Be3 Rac8 21. f3
Qd7 22. Qc3 b5 23. Rf2 Qc6 24. Kh1 Nd7 25. Raf1 1/2-1/2

[Event "?"]
[Site "?"]
[Date "????.??.??"]
[Round "?"]
[White "Johnsen, O."]
[Black "Van Kemenade, R."]
[Result "0-1"]
[WhiteElo "2038"]
[BlackElo "2018"]
[PlyCount "50"]
[EventDate "2013.??.??"]
[WhiteTeam "Norwegen 2"]
[BlackTeam "Wales"]

1. d4 d6 2. c4 Nf6 3. Nc3 g6 4. e4 Bg7 5. Be2 Na6 6. Be3 O-O 7. h4 e5 8. d5 Nc5
9. Bxc5 dxc5 10. g4 Ne8 11. Qd2 Nd6 12. O-O-O a6 13. h5 b5 14. cxb5 axb5 15. f3
b4 16. Nb1 Rxa2 17. hxg6 fxg6 18. Nh3 h6 19. Qe3 Bd7 20. Qxc5 Qa8 21. Qe3 Ra1
22. Bd3 Qa2 23. Qe2 Bb5 24. Qc2 Rxf3 25. Bf1 b3 0-1

[Event "?"]
[Site "?"]
[Date "????.??.??"]
[Round "?"]
[White "Waterfield, J."]
[Black "Theting, H."]
[Result "1-0"]
[WhiteElo "1980"]
[BlackElo "1990"]
[PlyCount "35"]
[EventDate "2013.??.??"]
[WhiteTeam "Wales"]
[BlackTeam "Norwegen 2"]

1. e4 g6 2. d4 Bg7 3. Nc3 d6 4. f4 a6 5. Nf3 b5 6. Bd3 Nd7 7. e5 Nb6 8. O-O e6
9. a4 b4 10. a5 bxc3 11. axb6 cxb2 12. Bxb2 cxb6 13. Bb5+ Bd7 14. Bxa6 Rxa6 15.
Rxa6 Bb5 16. Ra7 Bxf1 17. Qxf1 Bh6 18. Qa6 1-0

[Event "?"]
[Site "?"]
[Date "????.??.??"]
[Round "?"]
[White "Haase, W."]
[Black "Beniest, R."]
[Result "0-1"]
[WhiteElo "2120"]
[BlackElo "2138"]
[PlyCount "88"]
[EventDate "2013.??.??"]
[WhiteTeam "Hessen 2"]
[BlackTeam "Belgien 2"]

1. e4 g6 2. d4 Bg7 3. Nc3 d6 4. Be3 a6 5. Bd3 Nc6 6. Nge2 e5 7. Bc4 exd4 8.
Nxd4 Nxd4 9. Bxd4 Bxd4 10. Qxd4 Qf6 11. Qe3 Ne7 12. O-O-O O-O 13. h4 b5 14. Be2
b4 15. Nd5 Nxd5 16. exd5 Bb7 17. Bf3 Rfe8 18. Qd2 a5 19. h5 g5 20. h6 Re5 21.
Kb1 Rae8 22. c3 Qf5+ 23. Qc2 Bc8 24. Rc1 bxc3 25. bxc3 g4 26. Bd1 Rxd5 27. Ka1
Qxc2 28. Rxc2 Rde5 29. Rd2 f5 30. g3 Kf7 31. f3 Bb7 32. Rf1 Re1 33. Rxe1 Rxe1
34. Kb2 Bxf3 35. Bb3+ Kg6 36. Ka3 f4 37. Bc2+ Be4 38. gxf4 Bxc2 39. Rxc2 Kf5
40. Ka4 g3 41. Rd2 Kxf4 42. Kxa5 Kf3 43. Ka6 g2 44. Rxg2 Kxg2 0-1

[Event "?"]
[Site "?"]
[Date "????.??.??"]
[Round "?"]
[White "Van Herck, M."]
[Black "Thieme, H."]
[Result "1/2-1/2"]
[WhiteElo "2104"]
[BlackElo "2084"]
[PlyCount "86"]
[EventDate "2013.??.??"]
[WhiteTeam "Belgien 2"]
[BlackTeam "Hessen 2"]

1. e4 c5 2. Nf3 e6 3. d4 cxd4 4. Nxd4 a6 5. Nc3 Qc7 6. g3 b5 7. a3 Bb7 8. Bg2
d6 9. O-O Nd7 10. Re1 Be7 11. g4 Ne5 12. g5 h6 13. f4 Nc6 14. g6 Nxd4 15. gxf7+
Kxf7 16. Qxd4 d5 17. Be3 dxe4 18. Nxe4 Nf6 19. Nc3 Bxg2 20. Kxg2 Qc6+ 21. Kg1
Rhd8 22. Qb6 Qf3 23. Bf2 Rd6 24. Qe3 Qg4+ 25. Qg3 Qf5 26. Re5 Qxc2 27. f5 Bf8
28. fxe6+ Rxe6 29. Rxe6 Kxe6 30. Qc7 Kf5 31. Bd4 Qd3 32. Rd1 Qc4 33. Rf1+ Kg6
34. Qg3+ Kf7 35. Bxf6 gxf6 36. Qf3 Qd4+ 37. Kh1 Ra7 38. Ne4 Bg7 39. Qh5+ Kg8
40. Qg6 Rf7 41. Ng3 Qd5+ 42. Kg1 Qd4+ 43. Kh1 Qd5+ 1/2-1/2

[Event "?"]
[Site "?"]
[Date "????.??.??"]
[Round "?"]
[White "Biller, H."]
[Black "Hajenius, W."]
[Result "1-0"]
[WhiteElo "2098"]
[BlackElo "1923"]
[PlyCount "71"]
[EventDate "2013.??.??"]
[WhiteTeam "Hessen 2"]
[BlackTeam "Belgien 2"]

1. d4 f5 2. g3 Nf6 3. Bg2 g6 4. Nf3 Bg7 5. O-O O-O 6. b3 d6 7. Bb2 Nc6 8. d5
Nb4 9. c4 c5 10. a3 Na6 11. Re1 h6 12. Nc3 Nh5 13. Qc2 Qe8 14. e4 f4 15. e5
fxg3 16. hxg3 Bf5 17. Ne4 dxe5 18. Bxe5 Nf6 19. Nh4 Qd7 20. Nxf5 Qxf5 21. Nxf6+
exf6 22. Qxf5 gxf5 23. Bf4 Rae8 24. Bh3 Re5 25. Bxe5 fxe5 26. Rad1 Nb8 27. f3
Kh7 28. g4 f4 29. Bf1 Rd8 30. Bd3+ Kg8 31. Bf5 Rd6 32. b4 Na6 33. Rb1 b6 34.
Bc8 Nc7 35. bxc5 bxc5 36. Rb7 1-0

[Event "?"]
[Site "?"]
[Date "????.??.??"]
[Round "?"]
[White "Schrickx, F."]
[Black "Schlag, F."]
[Result "1/2-1/2"]
[WhiteElo "1901"]
[BlackElo "2037"]
[PlyCount "100"]
[EventDate "2013.??.??"]
[WhiteTeam "Belgien 2"]
[BlackTeam "Hessen 2"]

1. e4 e5 2. Nf3 Nc6 3. Bb5 Bb4 4. c3 Ba5 5. O-O Nge7 6. d4 exd4 7. cxd4 d5 8.
e5 h6 9. Nc3 O-O 10. h3 Be6 11. Ne2 Qc8 12. Ng3 a6 13. Bd3 Rb8 14. Be3 Nf5 15.
Nxf5 Bxf5 16. g4 Bxd3 17. Qxd3 Ne7 18. Qa3 Nc6 19. Nh4 Bb6 20. Nf5 Qe6 21. Qd3
Rbe8 22. Kg2 Qg6 23. Qd2 Kh7 24. f3 f6 25. Nh4 Qf7 26. Qd3+ g6 27. f4 f5 28.
gxf5 gxf5 29. Kh2 Qh5 30. Bf2 Bxd4 31. Bxd4 Qxh4 32. Be3 d4 33. Bd2 Qh5 34. Rg1
Rg8 35. Rae1 Qf7 36. b3 Rxg1 37. Rxg1 Rg8 38. Rxg8 Kxg8 39. Qf3 Kf8 40. Qg3 Ke8
41. Qd3 Qh5 42. Be1 Ke7 43. Bg3 Kd7 44. Qc2 Qf7 45. Qd3 b5 46. Be1 Ke6 47. Bf2
Qd7 48. Qg3 Ne7 49. Qg7 Nc6 50. Qg8+ Qf7 1/2-1/2

[Event "?"]
[Site "?"]
[Date "????.??.??"]
[Round "?"]
[White "Welz, P."]
[Black "Schwertel, J."]
[Result "1-0"]
[WhiteElo "2149"]
[BlackElo "2010"]
[PlyCount "69"]
[EventDate "2013.??.??"]
[WhiteTeam "BSW/DBAG 3"]
[BlackTeam "Rheno Palatinat"]

1. e4 e5 2. Nf3 Nc6 3. d4 exd4 4. Nxd4 Be7 5. c4 d6 6. Be2 Nxd4 7. Qxd4 Bf6 8.
Qd3 Ne7 9. O-O Nc6 10. Nc3 Nb4 11. Qd2 O-O 12. a3 Nc6 13. Nd5 Be5 14. Rb1 f5
15. Qg5 Nd4 16. Bd3 Bf6 17. Nxf6+ Qxf6 18. Qxf6 Rxf6 19. Be3 Nc6 20. f4 fxe4
21. Bxe4 Bf5 22. Bd5+ Be6 23. Rbc1 Nd8 24. f5 Bxd5 25. cxd5 Rf7 26. g4 Rd7 27.
Bf4 Nf7 28. Rfe1 Kf8 29. Re6 Re8 30. Rce1 Rc8 31. g5 c6 32. g6 hxg6 33. fxg6
Ne5 34. dxc6 Rxc6 35. Bxe5 1-0

[Event "?"]
[Site "?"]
[Date "????.??.??"]
[Round "?"]
[White "Walther, D."]
[Black "Harzer, P."]
[Result "0-1"]
[WhiteElo "2159"]
[BlackElo "2115"]
[PlyCount "76"]
[EventDate "2013.??.??"]
[WhiteTeam "Rheno Palatinat"]
[BlackTeam "BSW/DBAG 3"]

1. d4 f5 2. Bg5 g6 3. h4 Bg7 4. e3 Nf6 5. Bd3 d5 6. Nf3 c6 7. c4 e6 8. Nc3 Qa5
9. Qd2 Na6 10. Ne5 Nd7 11. Nf3 Nb4 12. Be2 Nf6 13. Bxf6 Bxf6 14. O-O Qd8 15. a3
Na6 16. g3 Nc7 17. c5 O-O 18. b4 Bd7 19. a4 a6 20. Rfb1 Qe8 21. Ra3 e5 22. dxe5
Bxe5 23. Nxe5 Qxe5 24. Rab3 Ne6 25. Bf3 g5 26. hxg5 Nxg5 27. Bg2 Ne4 28. Bxe4
fxe4 29. Ne2 Bg4 30. Nd4 Bf3 31. Nxf3 Rxf3 32. Qe1 Raf8 33. R3b2 R8f6 34. Kg2
Qf5 35. Qe2 Qg4 36. Rf1 Rg6 37. Qe1 Rh6 38. Rh1 Rxg3+ 0-1